000 00521nam a22001697a 4500
003 BD-ChCU
005 20260122112926.0
008 260122b bg ||||| |||| 00| 0 ben d
040 _cBD-ChCU
082 _a364.134 SWA(2)
100 _aSwaton, J. Norman & Morgan, Loren.
_919549
245 _aAdministration of justice :
_ban introduction.//
_cNorman J. Swaton. & Loren Morgan.
260 _aNew York
_bVan Nostrand.
_c1980
300 _axiii, 449p
650 0 _aJustice Administration of.
_919550
942 _2ddc
_cBK
_n0
999 _c111207
_d111207